LEADER 01330nam a2200301 a 4500 001 000000152480 003 CaOOAMICUS 005 20160622091456.0 008 160622s2015 mnu u000 u eng r 020 $a978-0-8006-6080-2* 032 $aLibriCat 040 $aPUL$bita 130 0 $aBiblia.$pV.T.$pIsaias.$lInglese.$0(OLS)http://pul/title/42821 245 10$aFirst Isaiah :$ba commentary /$cby J.J.M. Roberts ; edited by Peter Machinist. 260 $aMinneapolis :$bFortress Press,$cİ2015. 300 $axxix, 524 p. ;$c24 cm. 490 1 $aHermeneia : a critical and historical commentary on the Bible 630 04$aBiblia.$pV.T.$pIsaias.$0(OLS)http://pul/subject/17254 700 1 $aMachinist, Peter.$0(OLS)http://pul/name/48875 700 1 $aRoberts, J.J.M.$0(OLS)http://pul/name/97117 830 0$aHermeneia : a critical and historical commentary on the Bible.$0(OLS)http://pul/title/16749 850 $aPUL 852 $aPUL$W1$xSL Religione 1$y3$m6(1) E 78$j175493$qStampati$B177914$CPULBib$Z2$F177914 $H127898 $81 941 1 $a8 996 $6020$a978-0-8006-6080-2*$9(OLS)http://pul/number/160540 996 $6245$aFirst Isaiah :$ba commentary$9(OLS)http://pul/title/191889 996 $6260$aMinneapolis :$bFortress Press$9(OLS)http://pul/publisher/52703 LEADER 01470nam a2200325 a 4500 001 000000104699 003 CaOOAMICUS 005 20070424183506.0 008 070424s2006 it a z000 ubita d 040 $aPUL$bita$dLDB 245 00$aLocke /$c[a cura di Armando Massarenti]. 246 33$aLocke : vita, pensiero, opere scelte 260 $aMilano :$bIl Sole 24 ore,$c2006. 300 $a409 p. :$bill. ;$c22 cm 490 1 $aI grandi filosofi ;$v10 500 $aSulla copertina: Locke : vita, pensiero, opere scelte. 500 $aComprende testi di: Paola Pettinotti, Mario Sina. 504 $aInclude riferimenti bibliografici. 600 14$aLocke, John,$d1632-1704.$0(OLS)http://pul/subject/17381 700 1 $aSina, Mario,$d1945-$0(OLS)http://pul/name/1031 700 1 $aPettinotti, Paola.$0(OLS)http://pul/name/64297 700 1 $aMassarenti, Armando,$eed.$0(OLS)http://pul/name/64044 700 1 $aLocke, John,$d1632-1704$tLettera sulla tolleranza.$0(OLS)http://pul/name/64309 830 2$aI grandi filosofi (Il Sole 24 ore) ;$v10.$0(OLS)http://pul/title/131213 850 $aPUL 852 $aPUL$W1$xSL Filosofia 3$y81$m103 COLL 1.10$j117260$qDDC 21$B117220$CPULBib$Z2$F117220 $H103424 $82 941 1 $a9 996 $6246$aLocke : vita, pensiero, opere scelte$9(OLS)http://pul/title/131691 996 $6245$aLocke$9(OLS)http://pul/title/131690 996 $6260$aMilano :$bIl Sole 24 ore$9(OLS)http://pul/publisher/69212